[Event "BEL-ch U14"]
[Site "Houffalize"]
[Date "2011.04.23"]
[Round "9"]
[White "Tuerlinckx, Ben"]
[Black "De Vleeschauwer, Maarten"]
[Result "1/2-1/2"]
[WhiteElo "1945"]
[BlackElo "1901"]
[PlyCount "40"]
[EventDate "2011.04.17"]
[EventType "swiss"]
[EventRounds "9"]
[EventCountry "BEL"]
[SourceTitle "EXT 2012"]
[Source "ChessBase"]
[SourceDate "2011.11.24"]
[SourceVersion "1"]
[SourceVersionDate "2011.11.24"]
[SourceQuality "1"]

1. e4 e6 2. Nf3 d5 3. Nc3 Nf6 4. e5 Nfd7 5. d4 c5 6. dxc5 Nc6 7. Bf4 a6 8. Bd3 Nxc5 9. 0-0 Nxd3 10. Qxd3 Be7 11. Ne2 0-0 12. Ned4 Bd7 13. c3 Na5 14. Nd2 Rc8 15. Bg3 Qb6 16. Rab1 Nc6 17. N2b3 Nxd4 18. Nxd4 Bc5 19. Rfc1 Rc7 20. Bf4 Rfc8 1/2-1/2